[Event "Guelph op"]
[Site "Guelph CAN"]
[Date "2005.07.28"]
[Round "1"]
[White "Urquhart, Eddie"]
[Black "Krnan, Tomas"]
[Result "1/2-1/2"]
[WhiteElo "2166"]
[BlackElo "2372"]
[PlyCount "119"]
[GameId "2160767910900872"]
[EventDate "2005.07.28"]
[EventType "swiss"]
[EventRounds "9"]
[EventCountry "CAN"]
[SourceTitle "CBM 107 Extra"]
[Source "ChessBase"]
[SourceDate "2005.09.01"]
[SourceVersion "1"]
[SourceVersionDate "2005.09.01"]
[SourceQuality "1"]

1. e4 d5 2. exd5 Nf6 3. d4 Nxd5 4. Nf3 g6 5. Be2 Bg7 6. O-O O-O 7. c3 Nc6 8. Re1 Re8 9. Nbd2 e5 10. Nxe5 Nxe5 11. dxe5 Bxe5 12. Nf3 Bf6 13. Bh6 c6 14. Qd2 Qb6 15. Bc4 Be6 16. Nd4 Bxd4 17. cxd4 Nc7 18. Bxe6 Rxe6 19. Rxe6 Nxe6 20. d5 Rd8 21. d6 Qd4 22. Qc2 Qxd6 23. Re1 Qd3 24. Qa4 Qd4 25. Qa3 g5 26. Qe7 Qd1 27. Kf1 Qd3+ 28. Kg1 Qd1 29. Kf1 Qd3+ 30. Kg1 Qd6 31. Bxg5 Qxe7 32. Bxe7 Rd2 33. Bf6 h5 34. h3 Kh7 35. Bc3 Rc2 36. Rd1 Kg6 37. g3 b5 38. a3 c5 39. Rd5 b4 40. axb4 cxb4 41. Bxb4 Rxb2 42. Bc3 Rc2 43. Bb4 Rc4 44. Be7 Rc7 45. Ba3 h4 46. Ra5 hxg3 47. fxg3 Ng5 48. h4 Ne4 49. Kg2 f5 50. Bb4 Rb7 51. Bc5 Rb3 52. Bxa7 Rxg3+ 53. Kh2 Rd3 54. Bb8 Rb3 55. Bc7 Rc3 56. Bf4 Kh5 57. Rxf5+ Kg4 58. Rf8 Rc2+ 59. Kg1 Nc3 60. Kf1 1/2-1/2

[Event "Guelph op"]
[Site "Guelph CAN"]
[Date "2005.07.28"]
[Round "2"]
[White "Krnan, Tomas"]
[Black "Thavandiran, Shiyam"]
[Result "1-0"]
[WhiteElo "2372"]
[BlackElo "2191"]
[PlyCount "85"]
[GameId "2160767910900883"]
[EventDate "2005.07.28"]
[EventType "swiss"]
[EventRounds "9"]
[EventCountry "CAN"]
[SourceTitle "CBM 107 Extra"]
[Source "ChessBase"]
[SourceDate "2005.09.01"]
[SourceVersion "1"]
[SourceVersionDate "2005.09.01"]
[SourceQuality "1"]

1. e4 e6 2. d4 d5 3. Nc3 Bb4 4. exd5 exd5 5. Bd3 Nc6 6. a3 Ba5 7. Nge2 Nge7 8. O-O Bf5 9. Ng3 Bxd3 10. Qxd3 Bxc3 11. Qxc3 Qd7 12. b4 a6 13. a4 b6 14. Ba3 O-O 15. b5 Na5 16. Rae1 Rfe8 17. Bxe7 Rxe7 18. Rxe7 Qxe7 19. Nf5 Qd7 20. Qf3 Kh8 21. Re1 Re8 22. Rxe8+ Qxe8 23. Qe3 Qxe3 24. Nxe3 axb5 25. axb5 c6 26. bxc6 Nxc6 27. Nxd5 b5 28. c3 Kg8 29. Kf1 Kf8 30. Ke2 f5 31. Kd3 g6 32. Kc2 Kf7 33. Kb3 h6 34. f4 g5 35. g3 Kg6 36. Nc7 gxf4 37. gxf4 Kh5 38. d5 Nb8 39. Kb4 Kg4 40. Ne6 Kh3 41. Kxb5 Kxh2 42. c4 h5 43. c5 1-0

[Event "Guelph op"]
[Site "Guelph CAN"]
[Date "2005.07.29"]
[Round "3"]
[White "Stevens, Christian"]
[Black "Krnan, Tomas"]
[Result "0-1"]
[WhiteElo "2319"]
[BlackElo "2372"]
[PlyCount "60"]
[GameId "2160767910900903"]
[EventDate "2005.07.28"]
[EventType "swiss"]
[EventRounds "9"]
[EventCountry "CAN"]
[SourceTitle "CBM 107 Extra"]
[Source "ChessBase"]
[SourceDate "2005.09.01"]
[SourceVersion "1"]
[SourceVersionDate "2005.09.01"]
[SourceQuality "1"]

1. e4 e5 2. Nf3 Nc6 3. Bb5 a6 4. Ba4 Nf6 5. O-O Be7 6. Re1 b5 7. Bb3 d6 8. c3 O-O 9. h3 Na5 10. Bc2 c5 11. d4 Qc7 12. Nbd2 cxd4 13. cxd4 Bb7 14. d5 Rac8 15. Bd3 Nd7 16. Nf1 f5 17. Ng3 f4 18. Nf5 Bd8 19. b4 Nc4 20. Bxc4 bxc4 21. Bb2 Rxf5 22. exf5 Nf6 23. Ng5 Bxd5 24. Ne6 Qc6 25. Nxd8 Rxd8 26. Kh2 f3 27. g4 c3 28. Bxc3 Qxc3 29. g5 e4 30. gxf6 Qe5+ 0-1

[Event "Guelph op"]
[Site "Guelph CAN"]
[Date "2005.07.29"]
[Round "4"]
[White "Krnan, Tomas"]
[Black "Zugic, Igor"]
[Result "0-1"]
[WhiteElo "2372"]
[BlackElo "2474"]
[PlyCount "114"]
[GameId "2160767910900916"]
[EventDate "2005.07.28"]
[EventType "swiss"]
[EventRounds "9"]
[EventCountry "CAN"]
[SourceTitle "CBM 107 Extra"]
[Source "ChessBase"]
[SourceDate "2005.09.01"]
[SourceVersion "1"]
[SourceVersionDate "2005.09.01"]
[SourceQuality "1"]

1. e4 e6 2. d4 d5 3. Nc3 Bb4 4. exd5 exd5 5. Bd3 c6 6. Qf3 Bd6 7. Nge2 Qf6 8. Qxf6 Nxf6 9. Bg5 Nfd7 10. Ng3 Nf8 11. O-O-O f6 12. Bd2 g6 13. h4 h5 14. Nge2 Kf7 15. f3 b6 16. Bf4 Be7 17. Bxb8 Rxb8 18. Nf4 Rh6 19. Rdg1 Ne6 20. Nxe6 Bxe6 21. Ne2 Bd6 22. g4 hxg4 23. fxg4 Rbh8 24. h5 gxh5 25. Rxh5 Rxh5 26. gxh5 f5 27. Rh1 Kf6 28. Kd2 Bf7 29. h6 Rh7 30. Ke1 Bg6 31. Kf2 Bf8 32. Nf4 Bf7 33. Nh5+ Kg6 34. Ng3 Be6 35. Re1 Bd7 36. Rg1 Kf6 37. Nh5+ Kf7 38. Rg5 Bxh6 39. Bxf5 Bxf5 40. Rxf5+ Kg6 41. Ng3 Bc1 42. b3 Rh2+ 43. Ke1 Rxc2 44. Kd1 Rc3 45. Rf8 Bh6 46. Rg8+ Kf7 47. Rg4 Rc1+ 48. Ke2 Rc2+ 49. Kd3 Rxa2 50. Rh4 Kg6 51. Rh1 Rd2+ 52. Kc3 Rf2 53. Nf1 Bf4 54. Rg1+ Kf6 55. Kd3 Rf3+ 56. Kc2 Kf5 57. Rh1 Ke4 0-1

[Event "Guelph op"]
[Site "Guelph CAN"]
[Date "2005.07.30"]
[Round "5"]
[White "Dougherty, Michael"]
[Black "Krnan, Tomas"]
[Result "0-1"]
[WhiteElo "2233"]
[BlackElo "2372"]
[PlyCount "122"]
[GameId "2160767910900925"]
[EventDate "2005.07.28"]
[EventType "swiss"]
[EventRounds "9"]
[EventCountry "CAN"]
[SourceTitle "CBM 107 Extra"]
[Source "ChessBase"]
[SourceDate "2005.09.01"]
[SourceVersion "1"]
[SourceVersionDate "2005.09.01"]
[SourceQuality "1"]

1. d4 Nf6 2. c4 g6 3. Nc3 Bg7 4. e4 d6 5. f4 O-O 6. Nf3 Na6 7. Be2 e5 8. fxe5 dxe5 9. d5 c6 10. Be3 Ng4 11. Bg1 Bh6 12. dxc6 bxc6 13. Qxd8 Rxd8 14. a3 f5 15. c5 Nc7 16. Rd1 Rxd1+ 17. Bxd1 Bc1 18. h3 Nf6 19. exf5 Bxb2 20. Na4 Bxa3 21. Nxe5 Bxf5 22. Bb3+ Kf8 23. g4 Be4 24. Rh2 Rb8 25. Bc2 Re8 26. Bd4 Ne6 27. Bc3 Nxc5 28. Rf2 Bxc2 29. Nxc5 Kg7 30. Rxc2 Bxc5 31. Re2 Kg8 32. Nxc6 Rxe2+ 33. Kxe2 Ne4 34. Be1 Kf7 35. h4 Ke6 36. Kf3 Kd5 37. Nb4+ Bxb4 38. Bxb4 Nf6 39. Ba5 Nd7 40. Kf4 Ke6 41. Kg5 Ne5 42. Kh6 Nxg4+ 43. Kxh7 Kf5 44. Bc3 Nf6+ 45. Kg7 Nd5 46. Ba5 Nf4 47. Kh6 Ne6 48. Bd2 a6 49. Ba5 Nd4 50. Bb6 Nc6 51. Be3 a5 52. Bc5 Ne5 53. Bd4 Ng4+ 54. Kg7 a4 55. Bb2 Ne3 56. Kh6 Nc4 57. Bc1 a3 58. Bxa3 Nxa3 59. h5 g5 60. Kg7 Nc4 61. h6 Ne5 0-1

[Event "Guelph op"]
[Site "Guelph CAN"]
[Date "2005.07.30"]
[Round "6"]
[White "Krnan, Tomas"]
[Black "Quan Zhe"]
[Result "1-0"]
[WhiteElo "2372"]
[BlackElo "2382"]
[PlyCount "153"]
[GameId "2160767910900945"]
[EventDate "2005.07.28"]
[EventType "swiss"]
[EventRounds "9"]
[EventCountry "CAN"]
[SourceTitle "CBM 107 Extra"]
[Source "ChessBase"]
[SourceDate "2005.09.01"]
[SourceVersion "1"]
[SourceVersionDate "2005.09.01"]
[SourceQuality "1"]

1. e4 c5 2. Nf3 d6 3. d4 cxd4 4. Nxd4 Nf6 5. Nc3 a6 6. Bc4 e6 7. Bb3 Nbd7 8. Bg5 Nc5 9. f4 Be7 10. Qf3 h6 11. Bxf6 Bxf6 12. O-O-O Qc7 13. Rhe1 Bd7 14. Kb1 O-O-O 15. Qg3 Rhg8 16. e5 dxe5 17. fxe5 Be7 18. Nf5 Bc6 19. Nd6+ Bxd6 20. exd6 Qb8 21. Qe5 Nxb3 22. cxb3 Rd7 23. Rd2 Qa7 24. Rf1 Rgd8 25. Rc1 Kb8 26. Qxg7 Qe3 27. Rcd1 Qg5 28. Qxg5 hxg5 29. b4 Bd5 30. b5 Rxd6 31. bxa6 Rxa6 32. b3 Rad6 33. Kb2 f5 34. h3 R6d7 35. Nxd5 exd5 36. Re1 g4 37. hxg4 fxg4 38. Rd4 Rg8 39. Re5 Rf8 40. Re2 Rg8 41. Red2 Rg5 42. Kc3 Kc7 43. Rf4 Kc6 44. Rdd4 g3 45. Kd3 Rh7 46. Rg4 Rhg7 47. Rxg5 Rxg5 48. Rf4 Kd6 49. Kd4 Ke6 50. a4 Rg8 51. Rf3 b6 52. Rf4 Rg7 53. Rh4 Rg6 54. b4 Kd6 55. a5 Kc6 56. axb6 Rg5 57. Rh6+ Kb7 58. Kc5 Ka6 59. Kc6 d4 60. Rd6 Rb5 61. Rxd4 Rxb6+ 62. Kd5 Rg6 63. Ke4 Rg4+ 64. Ke3 Rg8 65. Kf3 Kb5 66. Rg4 Ra8 67. Kxg3 Rb8 68. Rf4 Rc8 69. Kf3 Ra8 70. g4 Ra3+ 71. Kg2 Kc6 72. g5 Ra7 73. g6 Rg7 74. Rg4 Kd5 75. Kg3 Ke5 76. b5 Kf6 77. b6 1-0

[Event "Guelph op"]
[Site "Guelph CAN"]
[Date "2005.07.31"]
[Round "7"]
[White "Burnett, Ronald"]
[Black "Krnan, Tomas"]
[Result "0-1"]
[WhiteElo "2433"]
[BlackElo "2372"]
[PlyCount "78"]
[GameId "2160767910900954"]
[EventDate "2005.07.28"]
[EventType "swiss"]
[EventRounds "9"]
[EventCountry "CAN"]
[SourceTitle "CBM 107 Extra"]
[Source "ChessBase"]
[SourceDate "2005.09.01"]
[SourceVersion "1"]
[SourceVersionDate "2005.09.01"]
[SourceQuality "1"]

1. d4 Nf6 2. c4 g6 3. Nc3 Bg7 4. e4 d6 5. Nge2 O-O 6. Ng3 c5 7. d5 e6 8. Be2 exd5 9. exd5 h5 10. Bg5 Re8 11. O-O Qb6 12. Qd2 Nh7 13. Bf4 Nd7 14. Nb5 Ne5 15. Bxe5 Bxe5 16. f4 Bd4+ 17. Nxd4 cxd4 18. Bf3 h4 19. Ne4 Bf5 20. Rfe1 Bxe4 21. Bxe4 Nf6 22. Bf3 Re3 23. Rxe3 dxe3 24. Qe2 Re8 25. Rd1 Ne4 26. Bxe4 Rxe4 27. g3 hxg3 28. hxg3 Rxc4 29. Kg2 Rd4 30. b3 Qc5 31. Rxd4 Qxd4 32. Kf3 Qxd5+ 33. Kxe3 Qe6+ 34. Kd3 Qxe2+ 35. Kxe2 Kg7 36. Ke3 Kh6 37. g4 f5 38. Kf3 d5 39. b4 d4 0-1

[Event "Guelph op"]
[Site "Guelph CAN"]
[Date "2005.07.31"]
[Round "8"]
[White "Krnan, Tomas"]
[Black "Shipov, Sergei"]
[Result "1/2-1/2"]
[WhiteElo "2372"]
[BlackElo "2582"]
[PlyCount "24"]
[GameId "2160767910900973"]
[EventDate "2005.07.28"]
[EventType "swiss"]
[EventRounds "9"]
[EventCountry "CAN"]
[SourceTitle "CBM 107 Extra"]
[Source "ChessBase"]
[SourceDate "2005.09.01"]
[SourceVersion "1"]
[SourceVersionDate "2005.09.01"]
[SourceQuality "1"]

1. e4 c5 2. Nf3 d6 3. d4 cxd4 4. Nxd4 Nf6 5. Nc3 e6 6. g4 h6 7. h4 Nc6 8. Rg1 d5 9. Bb5 Bd7 10. exd5 Nxd5 11. Nxd5 exd5 12. Be3 Be7 1/2-1/2

[Event "Guelph op"]
[Site "Guelph CAN"]
[Date "2005.08.01"]
[Round "9"]
[White "Kunte, Abhijit"]
[Black "Krnan, Tomas"]
[Result "1-0"]
[WhiteElo "2561"]
[BlackElo "2372"]
[PlyCount "77"]
[GameId "2160767910900988"]
[EventDate "2005.07.28"]
[EventType "swiss"]
[EventRounds "9"]
[EventCountry "CAN"]
[SourceTitle "CBM 107 Extra"]
[Source "ChessBase"]
[SourceDate "2005.09.01"]
[SourceVersion "1"]
[SourceVersionDate "2005.09.01"]
[SourceQuality "1"]

1. d4 Nf6 2. c4 g6 3. Nf3 Bg7 4. g3 O-O 5. Bg2 d6 6. O-O Nbd7 7. Nc3 e5 8. e4 c6 9. h3 Qb6 10. c5 dxc5 11. dxe5 Ne8 12. e6 fxe6 13. Ng5 Ne5 14. f4 c4+ 15. Kh2 Nd3 16. e5 Nc7 17. Qe2 Nd5 18. Be4 Nxc1 19. Raxc1 Qe3 20. Qc2 Nb4 21. Qg2 Nd3 22. Rcd1 h6 23. Bxd3 cxd3 24. Nge4 Bd7 25. Rf3 Qb6 26. Na4 Qb4 27. Nac5 Bc8 28. Rfxd3 b6 29. Rd4 Qa5 30. b4 Qa3 31. R1d3 bxc5 32. Rxa3 cxd4 33. Nc5 Rb8 34. Rxa7 Rxb4 35. Qxc6 Rb2+ 36. Kg1 Bxe5 37. Nd7 d3 38. Qxe6+ Rf7 39. Nf6+ 1-0

[Event "CAN-op"]
[Site "Edmonton CAN"]
[Date "2005.07.09"]
[Round "1.16"]
[White "Krnan, Tomas"]
[Black "Reuter, Gerhard"]
[Result "1-0"]
[WhiteElo "2457"]
[BlackElo "1749"]
[PlyCount "49"]
[GameId "2160767910901290"]
[EventDate "2005.07.09"]
[EventType "swiss"]
[EventRounds "10"]
[EventCountry "CAN"]

1. e4 c5 2. Nf3 d6 3. d4 cxd4 4. Nxd4 Nf6 5. Nc3 a6 6. f4 Nc6 7. Nf3 e6 8. Bd3 Be7 9. O-O O-O 10. a3 Qc7 11. Qe1 b5 12. b4 Bb7 13. Bb2 Rad8 14. Qg3 Nh5 15. Qg4 Nf6 16. Qh3 e5 17. Nd5 Qc8 18. Qg3 exf4 19. Qxf4 h6 20. Bxf6 Bxf6 21. Nxf6+ gxf6 22. Qxh6 Qe6 23. Nh4 f5 24. Qg5+ Kh7 25. exf5 1-0

[Event "CAN-op"]
[Site "Edmonton CAN"]
[Date "2005.07.10"]
[Round "2.16"]
[White "Daniluk, Jim"]
[Black "Krnan, Tomas"]
[Result "0-1"]
[WhiteElo "1969"]
[BlackElo "2457"]
[PlyCount "58"]
[GameId "2160767910901395"]
[EventDate "2005.07.09"]
[EventType "swiss"]
[EventRounds "10"]
[EventCountry "CAN"]

1. Nf3 Nf6 2. g3 d6 3. d4 g6 4. Bg2 Bg7 5. O-O O-O 6. c4 Nbd7 7. Nc3 e5 8. e4 c6 9. h3 Qb6 10. c5 dxc5 11. dxe5 Ne8 12. Bg5 Nxe5 13. Na4 Qc7 14. Bd8 Nxf3+ 15. Bxf3 Qe5 16. Rc1 Bxh3 17. Rxc5 Qd4 18. Be7 Bxf1 19. Kxf1 Qxd1+ 20. Bxd1 Nf6 21. Bxf8 Bxf8 22. Rc4 Re8 23. Nc3 Nd7 24. Rd4 Nb6 25. Be2 Bg7 26. Rb4 Bxc3 27. bxc3 Re5 28. Bd3 Ra5 29. Rb2 Ra3 0-1

[Event "CAN-op"]
[Site "Edmonton CAN"]
[Date "2005.07.10"]
[Round "3"]
[White "Krnan, Tomas"]
[Black "Doubleday, William"]
[Result "1-0"]
[WhiteElo "2457"]
[BlackElo "2069"]
[PlyCount "83"]
[GameId "2160767910901469"]
[EventDate "2005.07.09"]
[EventType "swiss"]
[EventRounds "10"]
[EventCountry "CAN"]
[SourceTitle "CBM 107 Extra"]
[Source "ChessBase"]
[SourceDate "2005.09.01"]
[SourceVersion "1"]
[SourceVersionDate "2005.09.01"]
[SourceQuality "1"]

1. e4 c5 2. Nf3 Nc6 3. d4 cxd4 4. Nxd4 Nf6 5. Nc3 d6 6. Bg5 e6 7. Qd2 Be7 8. O-O-O Nxd4 9. Qxd4 O-O 10. f4 Qa5 11. Bc4 Bd7 12. e5 dxe5 13. fxe5 Bc6 14. Bd2 Nd7 15. Nd5 Qd8 16. Nxe7+ Qxe7 17. Rhe1 Rfd8 18. Qg4 Nb6 19. Bd3 Rxd3 20. cxd3 Ba4 21. Kb1 Bxd1 22. Rxd1 Rc8 23. Bh6 Qf8 24. Rf1 Kh8 25. Bd2 Nd5 26. Qa4 a6 27. Qd7 Rc7 28. Qxe6 Qd8 29. Rxf7 Rxf7 30. Qxf7 h6 31. Qxb7 Nf4 32. Qe4 Nxd3 33. e6 Ne5 34. e7 Qxe7 35. Bf4 Qd7 36. Qxe5 Qd3+ 37. Kc1 Qf1+ 38. Kc2 Qc4+ 39. Kd2 Qb4+ 40. Ke2 Qc4+ 41. Kf2 Qc2+ 42. Qe2 1-0

[Event "CAN-op"]
[Site "Edmonton CAN"]
[Date "2005.07.11"]
[Round "4"]
[White "Bologan, Viktor"]
[Black "Krnan, Tomas"]
[Result "1-0"]
[WhiteElo "2700"]
[BlackElo "2372"]
[PlyCount "97"]
[GameId "2160767910901569"]
[EventDate "2005.07.09"]
[EventType "swiss"]
[EventRounds "10"]
[EventCountry "CAN"]
[SourceTitle "The Week in Chess 558"]
[Source "Mark Crowther"]
[SourceDate "2005.07.16"]
[SourceVersion "1"]
[SourceVersionDate "2005.07.16"]
[SourceQuality "2"]

1. e4 e5 2. Nf3 Nc6 3. Bb5 a6 4. Ba4 Nf6 5. O-O Be7 6. Re1 b5 7. Bb3 d6 8. c3 O-O 9. h3 Na5 10. Bc2 c5 11. d4 Qc7 12. d5 Bd7 13. b3 Ne8 14. Nbd2 g6 15. Nf1 Ng7 16. Bh6 Nb7 17. Qd2 a5 18. g4 c4 19. b4 axb4 20. cxb4 Ra3 21. Re3 Rfa8 22. Rxa3 Rxa3 23. Qe2 Qc8 24. Ng3 Qa8 25. Bd1 Nd8 26. Bc1 Ra6 27. a4 Qc8 28. a5 f6 29. Nd2 Nf7 30. Nb1 h5 31. gxh5 g5 32. Nc3 Qe8 33. Qe1 Nh6 34. Bf3 f5 35. exf5 Ngxf5 36. Nxf5 Nxf5 37. Bg4 Nd4 38. Qd1 Bf5 39. Bxf5 Nxf5 40. Qg4 Nd4 41. Be3 Kg7 42. h4 Qf7 43. hxg5 Qf3 44. Qxf3 Nxf3+ 45. Kg2 Nd4 46. Bxd4 exd4 47. Nxb5 Bxg5 48. Nxd4 Bd2 49. Nc6 1-0

[Event "CAN-op"]
[Site "Edmonton CAN"]
[Date "2005.07.12"]
[Round "5"]
[White "Krnan, Tomas"]
[Black "Davies, Lucas"]
[Result "1-0"]
[WhiteElo "2457"]
[BlackElo "2165"]
[PlyCount "81"]
[GameId "2160767910901701"]
[EventDate "2005.07.09"]
[EventType "swiss"]
[EventRounds "10"]
[EventCountry "CAN"]
[SourceTitle "CBM 107 Extra"]
[Source "ChessBase"]
[SourceDate "2005.09.01"]
[SourceVersion "1"]
[SourceVersionDate "2005.09.01"]
[SourceQuality "1"]

1. e4 c6 2. d4 d5 3. e5 Bf5 4. Nc3 Qb6 5. Nf3 e6 6. Be2 Nd7 7. O-O Bg4 8. Na4 Qc7 9. b3 b5 10. Nb2 Ne7 11. c3 Nf5 12. Nd3 Be7 13. h3 Bxf3 14. Bxf3 O-O 15. Bg4 Nh4 16. Nf4 Ng6 17. Nh5 c5 18. Be3 b4 19. cxb4 cxd4 20. Bxd4 Bxb4 21. Rc1 Qa5 22. f4 Bc5 23. Kh1 Bxd4 24. Qxd4 Kh8 25. f5 exf5 26. e6 Nde5 27. Bxf5 f6 28. Bxg6 Nxg6 29. Rc5 Qxa2 30. Nxg7 Qe2 31. Rxf6 Qe1+ 32. Kh2 Ne5 33. Rxf8+ Rxf8 34. e7 Nf3+ 35. gxf3 Qe2+ 36. Kg1 Qe1+ 37. Kg2 Rg8 38. Rc8 Qe2+ 39. Kg3 Qe1+ 40. Kg2 Qe2+ 41. Qf2 1-0

[Event "CAN-op"]
[Site "Edmonton CAN"]
[Date "2005.07.13"]
[Round "6.11"]
[White "Barclay, Wayne"]
[Black "Krnan, Tomas"]
[Result "0-1"]
[WhiteElo "2243"]
[BlackElo "2457"]
[PlyCount "54"]
[GameId "2160767910901804"]
[EventDate "2005.07.09"]
[EventType "swiss"]
[EventRounds "10"]
[EventCountry "CAN"]

1. d4 Nf6 2. c4 g6 3. g3 Bg7 4. Bg2 O-O 5. Nc3 d6 6. Nf3 Nbd7 7. O-O e5 8. h3 c6 9. e4 Qb6 10. d5 cxd5 11. cxd5 Nc5 12. Nd2 Bd7 13. Rb1 a5 14. b3 Rfc8 15. Bb2 Qa6 16. a4 Ne8 17. Nc4 Nxa4 18. Nxa4 Bxa4 19. bxa4 Rxc4 20. Re1 Qa7 21. Bf1 Rc7 22. Qd2 f5 23. exf5 gxf5 24. Qg5 Rf7 25. Rec1 Nf6 26. Qxf5 Nd7 27. Qc2 Raf8 0-1

[Event "CAN-op"]
[Site "Edmonton CAN"]
[Date "2005.07.14"]
[Round "7"]
[White "Krnan, Tomas"]
[Black "Bluvshtein, Mark"]
[Result "1/2-1/2"]
[WhiteElo "2457"]
[BlackElo "2529"]
[PlyCount "108"]
[GameId "2160767910901928"]
[EventDate "2005.07.09"]
[EventType "swiss"]
[EventRounds "10"]
[EventCountry "CAN"]
[SourceTitle "CBM 107 Extra"]
[Source "ChessBase"]
[SourceDate "2005.09.01"]
[SourceVersion "1"]
[SourceVersionDate "2005.09.01"]
[SourceQuality "1"]

1. e4 e5 2. Nf3 Nf6 3. Nc3 Nc6 4. d4 exd4 5. Nd5 Be7 6. Bc4 d6 7. Nxd4 O-O 8. O-O Nxd5 9. Bxd5 Nxd4 10. Qxd4 Bf6 11. Qd3 Qe7 12. c3 c6 13. Bb3 Re8 14. Bc2 g6 15. Bf4 Be5 16. Bg3 d5 17. exd5 Bf5 18. Qd2 Bxc2 19. Qxc2 Bxg3 20. hxg3 cxd5 21. Rad1 Rad8 22. Rd4 Qe2 23. Qb3 Rd6 24. Qxb7 Rb6 25. Qxd5 Rxb2 26. a4 Re5 27. Qc4 Qxc4 28. Rxc4 Rf5 29. g4 Rf6 30. Rc5 Ra6 31. Ra1 h6 32. a5 Rf6 33. Rf1 Ra2 34. g5 hxg5 35. Rxg5 Rc6 36. Rc1 Kg7 37. c4 f5 38. Rg3 Rxa5 39. Rb3 Kf6 40. g3 g5 41. Rb7 g4 42. Rd7 Ke6 43. Rb7 a6 44. Rh7 Kd6 45. Kg2 Re5 46. Ra7 a5 47. Rd1+ Ke6 48. Rd5 Rxd5 49. cxd5+ Kxd5 50. Rxa5+ Rc5 51. Ra4 Ke5 52. Rb4 Rd5 53. Ra4 Rd4 54. Ra5+ Kf6 1/2-1/2

[Event "CAN-op"]
[Site "Edmonton CAN"]
[Date "2005.07.15"]
[Round "8.4"]
[White "Ganguly, Surya Shekhar"]
[Black "Krnan, Tomas"]
[Result "1-0"]
[WhiteElo "2636"]
[BlackElo "2457"]
[PlyCount "81"]
[GameId "2160767910902005"]
[EventDate "2005.07.09"]
[EventType "swiss"]
[EventRounds "10"]
[EventCountry "CAN"]

1. e4 e5 2. Nf3 Nc6 3. Bb5 a6 4. Ba4 Nf6 5. O-O Be7 6. Re1 b5 7. Bb3 d6 8. c3 O-O 9. d4 Bg4 10. a4 exd4 11. cxd4 Bxf3 12. gxf3 Qd7 13. Nc3 b4 14. Nd5 Nxd5 15. Bxd5 Bf6 16. Be3 Rad8 17. a5 Nb8 18. Bc4 c5 19. Kh1 Nc6 20. dxc5 Bxb2 21. Ra2 Bc3 22. Rg1 dxc5 23. Qxd7 Rxd7 24. Bxc5 Rb8 25. Rb1 Ne5 26. Bxa6 Nxf3 27. Be3 Nd4 28. Bc4 Rc8 29. Bd5 Nf5 30. Bb6 Ne7 31. Bb3 Rb7 32. Rd1 Kf8 33. Be3 Nc6 34. a6 Rbb8 35. a7 Ra8 36. Rd7 Ne5 37. Rb7 Ke8 38. f4 Nd7 39. Ba4 Rd8 40. Bc6 Ke7 41. Bc5+ 1-0

[Event "CAN-op"]
[Site "Edmonton CAN"]
[Date "2005.07.16"]
[Round "9"]
[White "Krnan, Tomas"]
[Black "Thipsay, Bagyashree Sathe"]
[Result "1-0"]
[WhiteElo "2457"]
[BlackElo "2269"]
[PlyCount "41"]
[GameId "2160767910902128"]
[EventDate "2005.07.09"]
[EventType "swiss"]
[EventRounds "10"]
[EventCountry "CAN"]
[SourceTitle "CBM 107 Extra"]
[Source "ChessBase"]
[SourceDate "2005.09.01"]
[SourceVersion "1"]
[SourceVersionDate "2005.09.01"]
[SourceQuality "1"]

1. e4 d5 2. exd5 Qxd5 3. Nc3 Qa5 4. d4 c6 5. Nf3 Bf5 6. Bc4 e6 7. Bd2 Bb4 8. a3 Bf8 9. Qe2 Qd8 10. O-O-O Be7 11. Ne5 Bg6 12. h4 Nf6 13. h5 Bxh5 14. Rxh5 Nxh5 15. Qxh5 g6 16. Qf3 Rf8 17. Kb1 Bg5 18. Bxg5 Qxg5 19. Ne4 Qe7 20. Nf6+ Kd8 21. Nxh7 1-0

[Event "CAN-op"]
[Site "Edmonton CAN"]
[Date "2005.07.17"]
[Round "10.9"]
[White "Lawson, Eric"]
[Black "Krnan, Tomas"]
[Result "0-1"]
[WhiteElo "2373"]
[BlackElo "2457"]
[PlyCount "62"]
[GameId "2160767910902205"]
[EventDate "2005.07.09"]
[EventType "swiss"]
[EventRounds "10"]
[EventCountry "CAN"]

1. d4 Nf6 2. Bg5 c5 3. d5 Ne4 4. Bf4 Qb6 5. Bc1 e5 6. Nf3 d6 7. Nfd2 Nf6 8. e4 Be7 9. Nc3 O-O 10. Nc4 Qd8 11. a4 Ne8 12. h4 f5 13. exf5 Bxf5 14. g4 Bc8 15. g5 g6 16. Ne4 Ng7 17. Ra3 Na6 18. Bh3 Nh5 19. Bxc8 Rxc8 20. Qg4 Nb4 21. Kd1 Kh8 22. Ne3 Rf4 23. Qg2 c4 24. a5 Qg8 25. Bd2 Nxd5 26. Ng3 Nxg3 27. Nxd5 Rxf2 28. Qxf2 Qxd5 29. Re1 Ne4 30. Qe2 c3 31. Qd3 Nf2+ 0-1

[Event "Guelph Winter Pro Am"]
[Site "Guelph CAN"]
[Date "2005.02.02"]
[Round "1"]
[White "Assaripallam, Inigo Francis"]
[Black "Krnan, Tomas"]
[Result "0-1"]
[WhiteElo "2088"]
[BlackElo "2404"]
[PlyCount "65"]
[GameId "2160767911031346"]
[EventDate "2005.02.02"]
[EventType "swiss"]
[EventRounds "5"]
[EventCountry "CAN"]

1. d4 Nf6 2. c4 g6 3. Nc3 Bg7 4. e4 O-O 5. f3 d6 6. Be3 c5 7. dxc5 dxc5 8. Qxd8 Rxd8 9. Bxc5 Nc6 10. Nd5 Nd7 11. Nxe7+ Nxe7 12. Bxe7 Bxb2 13. Bxd8 Bc3+ 14. Kf2 Bd4+ 15. Kg3 Bxa1 16. Bc7 Nf6 17. Ne2 b6 18. Nf4 Ne8 19. Be2 Bg7 20. Bd8 Be5 21. Rd1 Ng7 22. Be7 Be6 23. Kf2 Bxf4 24. g3 Bc7 25. f4 Re8 26. Bf6 Rc8 27. Ke3 Ne8 28. Bd4 Bd6 29. g4 Bxc4 30. Bxc4 Rxc4 31. e5 Bc5 32. Bxc5 Rxc5 33. Ke4 0-1

[Event "Guelph Winter Pro Am"]
[Site "Guelph CAN"]
[Date "2005.02.03"]
[Round "3"]
[White "Hamilton, Robert"]
[Black "Krnan, Tomas"]
[Result "1/2-1/2"]
[WhiteElo "2408"]
[BlackElo "2404"]
[PlyCount "56"]
[GameId "2160767911031356"]
[EventDate "2005.02.02"]
[EventType "swiss"]
[EventRounds "5"]
[EventCountry "CAN"]

1. d4 Nf6 2. c4 g6 3. Nc3 Bg7 4. e4 O-O 5. Be3 d6 6. f3 c5 7. Nge2 Nc6 8. Qd2 cxd4 9. Nxd4 Nxd4 10. Bxd4 Be6 11. Be2 Rc8 12. b3 a6 13. O-O Nd7 14. Bxg7 Kxg7 15. Rac1 Qa5 16. f4 f6 17. Kh1 b5 18. cxb5 axb5 19. Qe3 b4 20. Na4 Nc5 21. Nxc5 Rxc5 22. Rxc5 Qxc5 23. Qxc5 dxc5 24. Rd1 Ra8 25. Rd2 Bc8 26. Kg1 f5 27. e5 Kf7 28. Kf2 Be6 1/2-1/2

[Event "Guelph Winter Pro Am"]
[Site "Guelph CAN"]
[Date "2005.02.04"]
[Round "4"]
[White "Krnan, Tomas"]
[Black "Wight, Keith"]
[Result "1-0"]
[WhiteElo "2404"]
[BlackElo "2033"]
[PlyCount "57"]
[GameId "2160767911031359"]
[EventDate "2005.02.02"]
[EventType "swiss"]
[EventRounds "5"]
[EventCountry "CAN"]

1. e4 c5 2. Nf3 d6 3. d4 cxd4 4. Nxd4 Nf6 5. Nc3 a6 6. f4 e6 7. Bd3 b5 8. a3 Bb7 9. Nf3 Nbd7 10. O-O Qc7 11. Qe1 Be7 12. b4 Rc8 13. Bb2 h5 14. Qg3 h4 15. Qh3 Nh5 16. Ne2 Nhf6 17. Ng5 Nf8 18. e5 Nh5 19. exd6 Bxd6 20. Qxh4 Nxf4 21. Qxh8 Nxe2+ 22. Bxe2 Qb6+ 23. Rf2 Rxc2 24. Qxg7 Bxh2+ 25. Kf1 Rc7 26. Rc1 Bg3 27. Rxf7 Qf2+ 28. Rxf2 Rxg7 29. Rxf8+ 1-0